000 00745nam a2200181Ia 4500
008 151202s9999||||xx |||||||||||||| ||und||
082 _bPNVM-48917
100 _aदेशपांडे कृ. पं.
245 _aसंस्कार कथामाला 4 - अमर बलिदान.
260 _bमधुराज प्रकाशन प्रा.लि. पुणे.
260 _c2005
300 _a58
600 _aदेशपांडे कृ. पं.
630 _aसंस्कार कथामाला 4 - अमर बलिदान.
700 _aदेशपांडे कृ. पं.
730 _aसंस्कार कथामाला 4 - अमर बलिदान.
942 _cBOOK
999 _c1314850
_d1314847